[Event "AUTO-ELITE-1820"]
[Site "http://www.queenalice.com/game.php?id=1474015"]
[Date "2017.4.18"]
[Round "1"]
[White "Donidon"]
[Black "gopre"]
[Result "1-0"]
[WhiteElo "2329"]
[BlackElo "2319"]

1. e4 c5 2. Nf3 d6 3. d4 cxd4 4. Nxd4 Nf6 5. Nc3 a6 6. Bc4 e6 7. Bb3 b5 8. O-O
Be7 9. f4 O-O 10. Be3 b4 11. Na4 Bb7 12. e5 Nd5 13. Bxd5 Bxd5 14. Nf5 Nd7 15.
Nxd6 Bxd6 16. exd6 Rc8 17. a3 a5 18. axb4 axb4 19. f5 Qf6 20. Nb6 Nxb6 21. Bxb6
Qxb2 22. Rf2 Qf6 23. d7 Rb8 24. fxe6 Qxe6 25. Bc7 Rbd8 26. Bxd8 Rxd8 27. Rd2 Bc6
28. Re2 Qxd7 29. Qxd7 Bxd7 30. Rd1 Kf8 31. Red2 Ke7 32. Rd4 h6 33. Kf2 Ke8 34.
Ke3 Ke7 35. Re4+ Be6 36. Rxd8 Kxd8 37. Rxb4 Kc7 38. h3 f5 39. Kd4 Kc6 40. c4 Kc7
41. Ra4 Kb7 42. Kc5 f4 43. Kd6 f3 44. Kxe6 fxg2 45. Ra1 Kc6 46. Rg1 g5 47. Rxg2
Kc5 48. Rg4 Kc6 49. h4 1-0

[Event "AUTO-ELITE-1886"]
[Site "http://www.queenalice.com/game.php?id=1498193"]
[Date "2017.10.9"]
[Round "1"]
[White "pumamercedino"]
[Black "gopre"]
[Result "1/2-1/2"]
[WhiteElo "2602"]
[BlackElo "2321"]

1. e4 c5 2. Nf3 d6 3. d4 cxd4 4. Nxd4 Nf6 5. Nc3 a6 6. Bg5 e6 7. f4 Qc7 8. Bxf6
gxf6 9. Qd2 Nc6 10. O-O-O Bd7 11. Kb1 Nxd4 12. Qxd4 Be7 13. Be2 h5 14. h4 Qc5
15. Qd3 O-O-O 16. Bf3 Kb8 17. f5 Rc8 18. Ne2 Qe5 19. Nd4 Rh7 20. Qb3 Ka8 21. g4
Qa5 22. e5 d5 23. Qd3 Rhh8 24. exf6 Bxf6 25. g5 Bxd4 26. Qxd4 Qc7 27. c3 Qg3 28.
fxe6 fxe6 29. Be2 e5 30. Qd3 Qxd3+ 31. Bxd3 Bg4 32. Rdf1 e4 33. Bc2 Rc7 34. Bd1
e3 35. Bxg4 hxg4 36. h5 g3 37. Rfg1 e2 38. g6 Re7 39. Kc2 Rf8 40. Kd2 d4 41.
cxd4 e1=Q+ 42. Rxe1 g2 43. Rhg1 Rf2+ 44. Kd1 Rc7 45. h6 Rcc2 46. Re7 Rxb2 47.
Kc1 Rfc2+ 48. Kd1 Rf2 49. Kc1 Rfc2+ 50. Kd1 Rf2 1/2-1/2

[Event "AUTO-ELITE-1886"]
[Site "http://www.queenalice.com/game.php?id=1498194"]
[Date "2017.10.9"]
[Round "1"]
[White "gopre"]
[Black "pumamercedino"]
[Result "0-1"]
[WhiteElo "2329"]
[BlackElo "2598"]

1. e4 e5 2. Nf3 Nc6 3. Bc4 Bc5 4. O-O Nf6 5. d3 d6 6. c3 h6 7. Re1 O-O 8. Nbd2
Re8 9. Bb5 a6 10. Bxc6 bxc6 11. Nc4 Be6 12. Na5 Qd7 13. Qa4 Bb6 14. Nc4 a5 15.
Be3 Bxc4 16. Qxc4 a4 17. Rab1 Bxe3 18. Rxe3 c5 19. Ree1 Nh5 20. g3 Nf4 21. Nh4
Qh3 22. Kh1 Ne6 23. f3 Reb8 24. Re2 Ra7 25. Ng2 Ng5 26. Rf2 Qd7 27. Ne3 Rab7 28.
Nf5 Kh7 29. Qa6 d5 30. b4 cxb4 31. Rff1 Rb6 32. Qa5 Rb5 33. Qxa4 bxc3 34. Rbd1
Ne6 35. d4 exd4 36. Nxd4 Nxd4 37. Qxd4 Qh3 38. exd5 Rb2 39. Qg1 Rxa2 40. Ra1 Rd2
41. Rfd1 Rbb2 42. Rxd2 Rxd2 43. Ra3 c2 44. Rc3 Qh5 45. h4 Rd1 46. Rxc2 Qxf3+ 47.
Rg2 Rxg1+ 48. Kxg1 Qxd5 49. g4 c5 50. Rf2 Qd1+ 51. Kh2 Qxg4 52. Rxf7 Qxh4+ 53.
Kg1 Qg5+ 54. Kf2 c4 55. Kf1 c3 56. Rf2 Qc1+ 57. Kg2 c2 0-1

[Event "AUTO-ELITE-1886"]
[Site "http://www.queenalice.com/game.php?id=1498199"]
[Date "2017.10.9"]
[Round "1"]
[White "Lamorteoscura77"]
[Black "gopre"]
[Result "0-1"]
[WhiteElo "2158"]
[BlackElo "2314"]

1. d4 Nf6 2. Nf3 e6 3. c4 Bb4+ 4. Nbd2 O-O 5. a3 Be7 6. g3 b6 7. Bg2 Bb7 8. O-O
c5 9. d5 exd5 10. Nh4 Bc6 11. Nf5 d4 12. Nf3 Be4 13. Nxe7+ Qxe7 14. e3 d3 15.
Ng5 Bxg2 16. Kxg2 h6 17. Nh3 Qe4+ 18. Qf3 Qxf3+ 19. Kxf3 d5 20. b3 dxc4 21. bxc4
Nc6 22. Bb2 Rad8 23. Bxf6 gxf6 24. Rac1 Ne5+ 25. Kg2 d2 26. Rcd1 Nxc4 0-1

[Event "AUTO-ELITE-1886"]
[Site "http://www.queenalice.com/game.php?id=1498200"]
[Date "2017.10.9"]
[Round "1"]
[White "gopre"]
[Black "Lamorteoscura77"]
[Result "1-0"]
[WhiteElo "2307"]
[BlackElo "2148"]

1. e4 c6 2. d4 d5 3. e5 Bf5 4. Be3 e6 5. Nd2 Nd7 6. Ngf3 Bg4 7. Be2 c5 8. O-O
Bxf3 9. Nxf3 Ne7 10. dxc5 Nc6 11. b4 Ncxe5 12. Nxe5 Nxe5 13. Bb5+ Nc6 14. c4 Be7
15. Qa4 Qc7 16. cxd5 exd5 17. Rad1 Rd8 18. Qxa7 O-O 19. Qa3 Bf6 20. Rfe1 d4 21.
Bd2 Be5 22. g3 h5 23. Bg5 Rde8 24. Qf3 f6 25. Bc4+ 1-0

[Event "AUTO-ELITE-1955"]
[Site "http://www.queenalice.com/game.php?id=1519313"]
[Date "2018.3.11"]
[Round "1"]
[White "nnetto"]
[Black "gopre"]
[Result "1-0"]
[WhiteElo "2300"]
[BlackElo "2325"]

1. e4 c5 2. Nf3 d6 3. d4 cxd4 4. Nxd4 Nf6 5. Nc3 g6 6. Be3 Bg7 7. f3 O-O 8. Qd2
Nc6 9. Bc4 Bd7 10. O-O-O Rc8 11. Bb3 Ne5 12. h4 h5 13. Qe2 a6 14. g4 hxg4 15. f4
Nc6 16. Nxc6 Rxc6 17. e5 Nh5 18. Qd2 b5 19. Kb1 Bf5 20. a4 g3 21. Ne2 g2 22.
Rhg1 bxa4 23. Bxa4 Rc4 24. Bb3 Re4 25. Rxg2 Qc7 26. Nc3 Kh8 27. Nxe4 Bxe4 28.
Rg5 Rc8 29. exd6 exd6 30. Bd4 d5 31. f5 Bxf5 32. Rxh5+ gxh5 33. Qh6+ Kg8 34.
Qxg7# 1-0

[Event "AUTO-ELITE-1955"]
[Site "http://www.queenalice.com/game.php?id=1519314"]
[Date "2018.3.11"]
[Round "1"]
[White "gopre"]
[Black "nnetto"]
[Result "1-0"]
[WhiteElo "2312"]
[BlackElo "2313"]

1. e4 e5 2. Nf3 Nc6 3. Bb5 a6 4. Bxc6 dxc6 5. O-O f6 6. d4 exd4 7. Nxd4 c5 8.
Nb3 Qxd1 9. Rxd1 Bg4 10. f3 Be6 11. Be3 b6 12. Nc3 Bd6 13. a4 c4 14. Nd4 Bd7 15.
Nde2 Be5 16. Nd5 Ne7 17. Nef4 g5 18. Nh5 Nxd5 19. Rxd5 Bc6 20. Rdd1 Bxb2 21.
Rab1 Be5 22. a5 b5 23. h4 gxh4 24. f4 Bc3 25. Bd4 Bxd4+ 26. Rxd4 Kf7 27. Rbd1
Kg6 28. g4 Rhe8 29. Rd6 cxd6 30. Rxd6 Rf8 31. Rxc6 Rac8 32. Rxa6 b4 33. e5 b3
34. cxb3 c3 35. Nxf6 Rxf6 36. exf6 Rf8 37. Rc6 1-0

[Event "AUTO-ELITE-1955"]
[Site "http://www.queenalice.com/game.php?id=1519317"]
[Date "2018.3.11"]
[Round "1"]
[White "ezat"]
[Black "gopre"]
[Result "1-0"]
[WhiteElo "2329"]
[BlackElo "2337"]

1. e4 c5 2. Nf3 d6 3. d4 cxd4 4. Nxd4 Nf6 5. Nc3 a6 6. Be2 e5 7. Nb3 Be7 8. O-O
O-O 9. Be3 Be6 10. Qd2 Nbd7 11. a4 Nb6 12. a5 Nc4 13. Bxc4 Bxc4 14. Rfd1 h6 15.
Nc1 Rc8 16. Nd3 Be6 17. Bb6 Qe8 18. f3 Nd7 19. Be3 f5 20. Nb4 Nf6 21. exf5 Bxf5
22. Rdc1 Qg6 23. Ncd5 Nxd5 24. Qxd5+ Rf7 25. Qxb7 Bh4 26. Qxa6 Bh3 27. Qe2 Rcf8
28. Kh1 e4 29. gxh3 exf3 30. Qd2 f2 31. Qd5 Kh8 32. Rf1 Rf3 33. Bd4 Bg3 34. Ra3
R3f5 35. Qg2 Rb5 36. Rxg3 Rxb4 37. Rxg6 Rxd4 38. Rxg7 1-0

[Event "AUTO-ELITE-1955"]
[Site "http://www.queenalice.com/game.php?id=1519318"]
[Date "2018.3.11"]
[Round "1"]
[White "gopre"]
[Black "ezat"]
[Result "1-0"]
[WhiteElo "2324"]
[BlackElo "2355"]

1. d4 Nf6 2. c4 e6 3. Nc3 Bb4 4. e3 O-O 5. Bd3 d5 6. Nf3 c5 7. O-O Nc6 8. a3
Bxc3 9. bxc3 dxc4 10. Bxc4 Qc7 11. Bd3 e5 12. Qc2 Re8 13. e4 c4 14. Bxc4 exd4
15. cxd4 Na5 16. Bd3 Qxc2 17. Bxc2 Nxe4 18. Re1 Bf5 19. Bf4 Nd6 20. Ba4 b5 21.
Rxe8+ Rxe8 22. Bd1 Ndc4 23. Bc1 Nd6 24. a4 b4 25. Bd2 b3 26. Bc3 Ndb7 27. Nd2
Be6 28. Rc1 Rc8 29. Bb2 Rxc1 30. Bxc1 Nd6 31. Kf1 Nac4 32. Nxb3 Bd5 33. Bf3 Bxf3
34. gxf3 h6 35. Ke2 Kh7 36. Nc5 1-0

[Event "AUTO-ELITE-2009"]
[Site "http://www.queenalice.com/game.php?id=1535638"]
[Date "2018.7.21"]
[Round "1"]
[White "gega"]
[Black "gopre"]
[Result "1-0"]
[WhiteElo "2286"]
[BlackElo "2325"]

1. d4 d5 2. Nc3 e6 3. Bf4 Nc6 4. Nf3 Bd6 5. Bxd6 Qxd6 6. e3 Nf6 7. Bb5 O-O 8.
O-O Bd7 9. Qd2 Ne4 10. Nxe4 dxe4 11. Bxc6 Bxc6 12. Ne5 Bb5 13. c4 Ba6 14. b3 f6
15. c5 Qd5 16. Nc4 Bxc4 17. bxc4 Qxc4 18. Rab1 Qd5 19. Rb2 b6 20. Rc1 e5 21. Rb4
Rfd8 22. cxb6 axb6 23. Rxc7 Qxa2 24. Qc1 exd4 25. Rxd4 Rxd4 26. exd4 Qa1 27.
Rc8+ Rxc8 28. Qxa1 Kf8 29. Kf1 g5 30. d5 Ke7 31. Qd4 Ra8 32. Qxb6 Ra1+ 33. Ke2
Ra2+ 34. Ke3 Ra3+ 35. Kd4 Ra1 36. Qe6+ Kf8 37. Qxf6+ Kg8 38. d6 g4 39. Kd5 Ra3
40. d7 Rd3+ 41. Ke6 h6 42. d8=Q+ Rxd8 43. Qxd8+ Kg7 44. Qf6+ Kg8 45. Qxh6 e3 46.
Kf6 1-0

[Event "AUTO-ELITE-2009"]
[Site "http://www.queenalice.com/game.php?id=1535639"]
[Date "2018.7.21"]
[Round "1"]
[White "gopre"]
[Black "gega"]
[Result "1-0"]
[WhiteElo "2313"]
[BlackElo "2286"]

1. d4 Nf6 2. c4 Nc6 3. Nf3 e6 4. Nc3 Bb4 5. e3 O-O 6. Bd3 Re8 7. Bd2 e5 8. dxe5
Nxe5 9. Nxe5 Rxe5 10. a3 Bc5 11. Na4 Bd6 12. Qf3 Re8 13. g4 g6 14. Bc3 Be5 15.
g5 Nh5 16. Bxe5 Rxe5 17. h4 d6 18. Nc3 Bf5 19. Be2 Bd7 20. Qxb7 Rb8 21. Qxa7
Rxb2 22. Bxh5 gxh5 23. Nd5 Be6 24. Nf6+ Kf8 25. O-O h6 26. f4 Rc5 27. Rfb1 Rb6
28. Rxb6 cxb6 29. Rb1 hxg5 30. fxg5 Rxc4 31. Rxb6 Bc8 32. Rb4 Rc7 33. Qd4 Rc1+
34. Kf2 Qc7 35. Qe4 Qc2+ 36. Qxc2 Rxc2+ 37. Kf3 Rc1 38. Nxh5 Bd7 39. Nf6 Bc6+
40. e4 Rf1+ 41. Ke2 Ra1 42. h5 Ra2+ 43. Kd1 Rxa3 44. Rb8+ Ke7 45. h6 Rd3+ 46.
Ke1 Re3+ 47. Kf2 Rh3 48. Rc8 Ba4 49. h7 Rh2+ 50. Kg3 Rxh7 51. Nxh7 Kd7 52. Ra8
Bb3 53. Nf6+ Kc6 54. Rc8+ Kb7 55. Rc1 Be6 56. Nd5 Bxd5 57. exd5 Kb6 58. Kg4 Kb5
59. Rc7 Kb6 60. Rxf7 Kc5 61. g6 Kd4 62. g7 Ke3 63. g8=Q Kd3 64. Rc7 Kd2 65. Kf3
Kd1 66. Qe6 Kd2 67. Qe2# 1-0

[Event "AUTO-ELITE-1955"]
[Site "http://www.queenalice.com/game.php?id=1538275"]
[Date "2018.8.9"]
[Round "2"]
[White "FabioDavid"]
[Black "gopre"]
[Result "1-0"]
[WhiteElo "2511"]
[BlackElo "2319"]

1. b3 d5 2. Bb2 Nf6 3. e3 c5 4. d3 Nc6 5. Nd2 e5 6. g3 Be7 7. Bg2 O-O 8. Ne2 Re8
9. O-O Bf5 10. h3 Bd6 11. e4 dxe4 12. dxe4 Bg6 13. Nc4 Bc7 14. Nc3 Nd4 15. a4
Re7 16. Re1 a6 17. a5 Qe8 18. Na4 Qb5 19. Nxc5 Rd8 20. Nd3 Qd7 21. Re3 Qe8 22.
Ra4 h5 23. Rb4 Nb5 24. Qa1 Nd4 25. Qc1 Nb5 26. h4 Bb8 27. Re1 Ng4 28. Nb6 Rc7
29. f3 Rxd3 30. Rc4 Rd6 31. fxg4 hxg4 32. Nd5 Rxc4 33. bxc4 Ba7+ 34. Kh2 Nd4 35.
Bxd4 Bxd4 36. Qg5 Kh8 37. Qxg4 Qe6 38. Qe2 Qe8 39. Bh3 Rd8 40. Rb1 Rb8 41. Bf5
Bc5 42. h5 Bxf5 43. exf5 f6 44. h6 gxh6 45. Nxf6 Qe7 46. Ne4 Qc7 47. Nxc5 Qxc5
48. Rb6 Kh7 49. Qd2 Qf8 50. Qe3 Kg8 51. Qxe5 Re8 52. Qd5+ Qf7 53. Rxb7 Qxd5 54.
cxd5 Rd8 55. c4 Kf8 56. Rb6 Rd7 57. Rxa6 Rc7 58. Rc6 Rb7 59. d6 Rb2+ 60. Kh3 Kg7
61. a6 Rb8 62. a7 1-0

[Event "AUTO-ELITE-1955"]
[Site "http://www.queenalice.com/game.php?id=1538276"]
[Date "2018.8.9"]
[Round "2"]
[White "gopre"]
[Black "FabioDavid"]
[Result "1/2-1/2"]
[WhiteElo "2312"]
[BlackElo "2538"]

1. e4 e5 2. Bc4 Nf6 3. d3 h6 4. Nf3 d6 5. Nc3 Be7 6. Be3 O-O 7. Qd2 Ng4 8. Nd5
Nd7 9. Qe2 Nxe3 10. Nxe3 c6 11. O-O b5 12. Bb3 Nc5 13. c3 a5 14. d4 Nxe4 15.
dxe5 Nc5 16. Bc2 Qc7 17. b4 axb4 18. cxb4 Na6 19. exd6 Bxd6 20. Qd3 g6 21. Bb3
Kh7 22. a3 Qe7 23. Rad1 Rd8 24. Qc3 Nc7 25. Rfe1 Qf8 26. Qc1 Ra6 27. Rd2 Be6 28.
Bxe6 Nxe6 29. Ng4 Qg7 30. Nge5 Bxe5 31. Nxe5 Rxd2 32. Qxd2 Rxa3 33. f3 Qf6 34.
Nxc6 Kg7 35. Kf1 Qc3 36. Qxc3+ Rxc3 37. Na7 Nd4 38. Re5 Rc1+ 39. Kf2 Rc2+ 40.
Kf1 Rc1+ 41. Kf2 Rc2+ 42. Kf1 Rc1+ 43. Kf2 1/2-1/2

[Event "AUTO-ELITE-2160"]
[Site "http://www.queenalice.com/game.php?id=1600712"]
[Date "2020.2.26"]
[Round "3"]
[White "preggo"]
[Black "gopre"]
[Result "1-0"]
[WhiteElo "2511"]
[BlackElo "2338"]

1. Nf3 d5 2. d4 Nc6 3. c4 dxc4 4. d5 Na5 5. Qa4+ Nc6 6. dxc6 b6 7. Nc3 Bg4 8.
Bf4 Nf6 9. Qd1 Qc8 10. Nb5 Ne4 11. Nxc7+ Qxc7 12. Bxc7 e6 13. Qd7# 1-0

[Event "AUTO-ELITE-2160"]
[Site "http://www.queenalice.com/game.php?id=1600713"]
[Date "2020.2.26"]
[Round "3"]
[White "gopre"]
[Black "preggo"]
[Result "0-1"]
[WhiteElo "2345"]
[BlackElo "2506"]

1. e4 Nc6 2. Bc4 Nf6 3. Qf3 Ne5 4. Qc3 Nxc4 5. Qxc4 d5 6. exd5 Qxd5 7. Qxc7 Qxg2
8. Nh3 Qe4+ 9. Kf1 Bxh3+ 10. Kg1 Qg2# 0-1